000 01110cam a22003137a 4500
003 CHAP
005 20220329134410.0
008 971013s1972 r 00010 d
010 _a19946
011 _a20918
035 _a25007
040 _cCHAP
082 _a338.91
_bA5
100 0 0 _aAngelopoulos, Angelos.
_95788
245 1 4 _aThe third world and the rich countries; prospects for the year 2000
260 _aNew York :
_bPraeger,
_c1972
300 _a248 p.
_b; gráfs
490 0 _aPraeger special studies in International economic and development
590 _aBATCH-UPD
_b10
_c20130110
_lUCH01
_h0032
590 _aBATCH-UPD
_b10
_c20130110
_lUCH01
_h1732
590 _aBATCH-UPD
_b10
_c20130410
_lUCH01
_h1113
590 _aBATCH-UPD
_b10
_c20130914
_lUCH01
_h0332
590 _aCONVERSION
_b10
_c20130109
_lUCH01
_h1312
650 1 4 _aPaíses subdesarrollados
_xCondiciones económicas.
_985152
830 0 _aPraeger special studies in International economic and development
_991279
901 _aBK
942 _cLIBRO
949 _a338.91 A5
_bBC
_cLIBRO
_d33724000109799
_eLIBRO
_h30929
_i25007
_si
_t315.00
999 _c19946
_d19946